| 000 | 01301nam0a22002771 4500 | ||
|---|---|---|---|
| 001 | rc\4142995 | ||
| 005 | 20250611105415.0 | ||
| 021 |
_aRU _b[53-12381] |
||
| 035 | _a(NLR Aleph) 008164621 | ||
| 090 |
_a7815785 _c7815785 |
||
| 100 | _a20130415d1953 |||y0rusy50 ca | ||
| 101 | 0 | _arus | |
| 102 | _aRU | ||
| 105 | _aa z ||||| | ||
| 200 | 1 |
_aЛабораторно-практические работы по поляриметрии _eУчеб.-метод. руководство для студентов хим.-технол. специальностей _fМ-во высш. образования СССР. Арханг. ордена Труд. Красного Знамени лесотехн. ин-т им. В.В. Куйбышева. Кафедра физ. и коллоидной химии |
|
| 210 |
_aАрхангельск _cБ. и. _d1953 |
||
| 215 |
_a27 с. _cил. _d21 |
||
| 300 | _aПеред загл. авт.: А.П. Руцков, д-р хим. наук | ||
| 333 | _aНа правах рукописи | ||
| 606 |
_aПоляриметрия _jЛабораторные работы _2psbo |
||
| 700 | 1 |
_aРуцков _bА.П. _gАлександр Павлович |
|
| 801 | 0 |
_aRU _bNLR _gpsbo |
|
| 801 | 1 |
_aRU _bELAR _2rusmarc |
|
| 852 |
_aNLR _jТ66 Г-4/812 |
||
| 942 | _cBOOK | ||
| 980 | _aNB | ||